000 00336nam a22001457a 4500
008 221013b ||||| |||| 00| 0 eng d
020 _a080166683
041 _aeng
080 _2SIXTH EDITION
_a616.002
082 _a616.002
100 _a11.2
101 _aREU
245 _aSURGERY OF THE FOOT AND ANKLE
_cMANN.R
942 _2udc
_cBK
999 _c58545
_d58545